Регионална библиотека "Любен Каравелов" - Русе

Битката за Испания (Запис номер 418488)

MARC детайли
000 -Лидер
Контролно поле с фиксирана дължина 01660nam a2200349 a 4500
003 - Код на организацията, давaща контролен номер
Контролно поле BLK
005 - Дата и час на последна редакция
Контролно поле 20240406121451.0
008 - Елементи от данни с фиксирана дължина
fixed length control field 201026b bu |||||r|||| 00| | bu d
020 ## - Международен стандартен номер на книга ISBN
Международен стандартен номер на книга ISBN 9786190107118
040 ## - Източник на каталожния запис
Идентификатор на билиотеката - собственик на записа BLK
041 ## - Код за език
Код за езика на текст/звукозапис или на отделно заглавие Български
Код за езика КДБФ Български
080 ## - УДК
Текстов определител УДК Втора световна война
УДК код - определител по УДК 94(100)"1939/1945"
УДК - код + определител 94(100)"1939/1945"
080 ## - УДК
Текстов определител УДК История на войните. Военни кампании. Битки. Военни подвизи
УДК код - определител по УДК 355.48
УДК - код + определител 355.48(430)
100 ## - Редна дума - Автор
R(LIN) 300912
Автор Бийвър, Антъни
Авторска отговорност първи автор
139 ## - Редно поле
Редна дума Бийвър, Антъни
Авторски знак Би - Б 44
245 ## - Сведения за заглавието
Заглавие Битката за Испания
Подзаглавни данни Испанската гражданска война 1936-1939
Редно поле (дума) Антъни Бийвър ; прев. от англ. Мария Кондакова
260 ## - Област на издателските данни
9 (RLIN) 210881
Място на издаване, разпространение и проч. София
Име на издателя, разпространителя и проч. Изток-Запад
Година на издаване 2020
Издателство - префикс ISBN 978-619-01- ; 978-619-152- ; 978-954-321- ; 954-8945-
300 ## - Физическа характеристика
Страници 478 с.
Илюстрации и др. с ил., портр.,к.
Размери/Мащаб 24 см
380 ## - Жанр
Жанр История
500 ## - Общи забележки
Забележка Ориг. загл.: The battle for Spain / Antony Beevor. - Азб. показалец
504 ## - Забележка за наличие на библиография и др
Забележка за наличие на библиография и под. Библиогр.: с. 489-502
650 #0 - Допълнително описание по предмет – тема
9 (RLIN) 266732
Основно описание – тема или топоним Втора световна война
651 #7 - Допълнително описание по предмет - топоним
9 (RLIN) 178962
Географско понятие Испания
653 #7 - Ключова дума – ненормативна
9 (RLIN) 183507
Ключова дума военна история
700 ## - Други автори (авторска отговорност)
Лично име Кондакова, Мария Атанасова
Дати, свързани с автора 1969 -
Друга информация Преводач от английски език
9 (RLIN) 286302
852 ## - Местоположение
Фондова буква Хранилище
Форматна сигнатура Цб 307561
852 ## - Местоположение
Фондова буква Заемна - подръчен фонд
Систематично-азбучна сигнатура 94(100)"1939/1945"/Б 44 А
999 ## - СИСТЕМНИ КОНТРОЛНИ НОМЕРА
Koha biblionumber 418488
Koha biblioitemnumber 418488
942 ## - АРТИКУЛИ
Вид на библиотечния материал Книги
Скрит в OPAC Не
Периодичен библиозапис Да
Koha issues (borrowed), all copies 9
944 ## - СЪЗДАВАНЕ И РЕДАКЦИЯ на ЗАПИСА
Създаване/Редакция Редакция
Дата на регистрацията/редакция 2021-08-05
Служител, извършил регистрацията/редакцията 30575
Статус, дата на статуса Мартин Енчев
944 ## - СЪЗДАВАНЕ И РЕДАКЦИЯ на ЗАПИСА
Създаване/Редакция Създаване
Служител, извършил регистрацията/редакцията В. Т.
999 ## - СИСТЕМНИ КОНТРОЛНИ НОМЕРА
Koha biblioitemnumber 418488
Наличности
Код за отписване Код за изгубен артикул Източник на класификационната схема Код за повреда Коз за рестрикции Код за отдаване Артикулен № Име на библиотеката - собственик Име на библиотеката, в която се намира в момента Статус (Текущо местоположение) Дата на вписване в системата Местоположение - отдел Цена в лева Систематично азбучна сигнатура Баркод Цена в евро Служебен тип на артикула
  Не е изгубен Universal Decimal Classification Не е повреден само за читалня ползва се в читалня 835545 Регионална библиотека "Любен Каравелов" Русе Регионална библиотека "Любен Каравелов" Русе Хранилище 2021-06-09 Хранилище 34.90 Цб 307561 120000855879 17.84 Книги
  Не е изгубен Universal Decimal Classification Не е повреден без рестрикции заемане за дома 847065 Регионална библиотека "Любен Каравелов" Русе Регионална библиотека "Любен Каравелов" Русе Заемна - подръчен фонд 2021-08-06 Заемна - подръчен фонд 26.17 94(100)"1939/1945"/Б 44 А 120000859394 13.38 Книги
  Не е изгубен Universal Decimal Classification Не е повреден без рестрикции заемане за дома 860527 Регионална библиотека "Любен Каравелов" Русе Регионална библиотека "Любен Каравелов" Русе Заемна - подръчен фонд 2021-11-08 Заемна - подръчен фонд 24.43 94(100)"1939/1945"/Б 44 А 120000861993 12.49 Книги
Vip Innovations Ltd, Rousse, Bulgaria 2025